00793cam a22002531 4500001001300000003000400013005001700017008004100034010001700075035001900092040001800111042001200129050001600141100003700157245005800194260004000252300001700292490007100309504005100380650001700431650003500448650003900483999001700522g 01000265 DLC20260227111251.0790516m18921893gw b 000 0 ger  ag 01000265  a(OCoLC)4969501 aDLCcNNRdDLC apremarc00aHD1411b.B91 aBuchenberger, Adolf,d1848-1904.10aAgrarwesen und Agrarpolitik.cVon Adolf Buchenberger. aLeipzig,bC. F. Winter,c1892-1893. a2 v.c23 cm.0 aLehr-und-Handbuch der politischen Oekonomie. 3. Hauptabth., 2. Th. aBibliography at the beginning of each chapter. 0aAgriculture. 0aAgriculturexEconomic aspects. 0aAgricultural laws and legislation. c23430d23430